Welcome to CU Library Online Public Access Catalogue (OPAC)

Changing the world : (Record no. 9395)

MARC details
000 -LEADER
fixed length control field 00737cam a2200229 a 4500
001 - CONTROL NUMBER
control field 4258761
005 - DATE AND TIME OF LATEST TRANSACTION
control field 20260422104457.0
008 - FIXED-LENGTH DATA ELEMENTS--GENERAL INFORMATION
fixed length control field 840308s1984 nyu 000 0 eng
020 ## - INTERNATIONAL STANDARD BOOK NUMBER
International Standard Book Number 0883441071
Qualifying information pbk.
020 ## - INTERNATIONAL STANDARD BOOK NUMBER
International Standard Book Number 9780883441077
Qualifying information (pbk.)
041 1# - LANGUAGE CODE
Language code of text/sound track or separate title eng
Language code of original fre
050 00 - LIBRARY OF CONGRESS CALL NUMBER
Classification number BX1753
Item number .C6313 1984
082 00 - DEWEY DECIMAL CLASSIFICATION NUMBER
Classification number 261.1
Edition information 19
100 1# - MAIN ENTRY--PERSONAL NAME
Personal name Cosmao, Vincent.
245 10 - TITLE STATEMENT
Title Changing the world :
Remainder of title an agenda for the churches /
Statement of responsibility, etc. Vincent Cosmao ; translated from the French by John Drury.
260 ## - PUBLICATION, DISTRIBUTION, ETC.
Place of publication, distribution, etc. Maryknoll, N.Y. :
Name of publisher, distributor, etc. Orbis Books,
Date of publication, distribution, etc. c1984.
300 ## - PHYSICAL DESCRIPTION
Extent xvii, 109 p. ;
Dimensions 24 cm.
500 ## - GENERAL NOTE
General note Translation of: Changer le monde.
650 #0 - SUBJECT ADDED ENTRY--TOPICAL TERM
Topical term or geographic name entry element Christian sociology
General subdivision Catholic Church.
650 #0 - SUBJECT ADDED ENTRY--TOPICAL TERM
Topical term or geographic name entry element Church and the world.
942 ## - ADDED ENTRY ELEMENTS (KOHA)
Source of classification or shelving scheme Library of Congress Classification
Koha item type Books
Suppress in OPAC No
999 ## -
-- 9395
-- 9395
Holdings
Withdrawn status Lost status Source of classification or shelving scheme Damaged status Not for loan Collection Home library Current library Shelving location Date acquired Total checkouts Full call number Barcode Date last seen Copy number Price effective from Koha item type
    Library of Congress Classification     Non-fiction Main Library (Kumasi) Main Library (Kumasi) General stacks 04/21/2026   BX1753.C6313 COS bssk00000125 04/22/2026 1 04/21/2026 Books
    Library of Congress Classification     Non-fiction Main Library (Kumasi) Main Library (Kumasi) General stacks 04/21/2026   BX1753.C6313 COS bssk00000126 04/22/2026 2 04/21/2026 Books
© 2023-2024 Copyright: Central University Libraries. All Rights Reserved | Created by: Mahone Tech Office